Jugoszlávia országai - Statistics

General Stats
  • This quiz has been taken 572 times
  • The average score is 5 of 6
Answer Stats
Answer % Correct
Szerbia
99%
Horvátország
93%
Bosznia és Hercegovina
90%
Montenegró
88%
Szlovénia
87%
Macedónia
71%
No matching quizzes found
Score Distribution
Percent of People with Each Score
Percentile by Number Answered
Your Score History
You have not taken this quiz